Hà Nội những đêm không ngủ

সংরক্ষণ করুন:
গ্রন্থ-পঞ্জীর বিবরন
প্রধান লেখক: Phạm Tuyên
বিন্যাস: গ্রন্থ
ভাষা:Undetermined
প্রকাশিত: Hà Nội Âm Nhạc 2002
বিষয়গুলি:
ট্যাগগুলো: ট্যাগ যুক্ত করুন
কোনো ট্যাগ নেই, প্রথমজন হিসাবে ট্যাগ করুন!
Thư viện lưu trữ: Trung tâm Học liệu Trường Đại học Cần Thơ
LEADER 00506nam a2200193Ia 4500
001 CTU_87302
008 210402s9999 xx 000 0 und d
020 |c 21000 
082 |a 782.42 
082 |b T527 
100 |a Phạm Tuyên 
245 0 |a Hà Nội những đêm không ngủ 
245 0 |c Phạm Tuyên 
260 |a Hà Nội 
260 |b Âm Nhạc 
260 |c 2002 
650 |a songs,vietnamese 
904 |i Trúc 
980 |a Trung tâm Học liệu Trường Đại học Cần Thơ